Online Catalogue and eLibrary

The modernity of tradition: political development in India (Record no. 465)

MARC details
000 -LEADER
fixed length control field 00610cam a22002051 4500
001 - CONTROL NUMBER
control field 2644816
005 - DATE AND TIME OF LATEST TRANSACTION
control field 20240221075237.0
008 - FIXED-LENGTH DATA ELEMENTS--GENERAL INFORMATION
fixed length control field 740605s1967 ilu b 000 0 eng
020 ## - INTERNATIONAL STANDARD BOOK NUMBER
ISBN 0002160048
040 ## - CATALOGING SOURCE (பட்டியலாக்க மூலம்)
Original cataloging agency DLC
Transcribing agency DLC
Modifying agency DLC
082 00 - DDC Classification
Class No. 320.954.
DDC Edition Number 22
Item Number - Author Mark THE.
100 1# - MAIN ENTRY--PERSONAL NAME
Personal name Rudolph, Lloyd I.
245 14 - TITLE STATEMENT
Title The modernity of tradition: political development in India
Statement of responsibility, etc. [by] Lloyd I. Rudolph [and] Susanne Hoeber Rudolph.
260 ## - PUBLICATION, DISTRIBUTION, ETC.
Place of publication, distribution, etc. Chicago,
Name of publisher, distributor, etc. University of Chicago Press
Date of publication, distribution, etc. 1967
300 ## - PHYSICAL DESCRIPTION
Extent (e.g. Volumes, Pages etc.) IX, 306 p.
650 #0 - SUBJECT ADDED ENTRY--TOPICAL TERM
Topical term or geographic name entry element Caste
650 #0 - SUBJECT ADDED ENTRY--TOPICAL TERM
Topical term or geographic name entry element Law
700 1# - ADDED ENTRY--PERSONAL NAME
Personal name Rudolph, Susanne Hoeber,
Relator term (Role)
942 ## - Koha item type (Biblio)
Koha item type Books in Stacks (Lending)
Holdings
Lost status Damaged status Collection code Home library Current library Date acquired Full call number Accession Number Item type
    Lending WERC Library WERC Library 02/21/2024 320.954. THE. 557 Books in Stacks (Lending)

© WERC Library